The Macintosh bible / (Record no. 1527)

000 -LEADER
fixed length control field 00807nam a2200265 a 4500
003 - CONTROL NUMBER IDENTIFIER
control field UkOxU
005 - DATE AND TIME OF LATEST TRANSACTION
control field 20210628105815.0
008 - FIXED-LENGTH DATA ELEMENTS--GENERAL INFORMATION
fixed length control field 961017s1996 cau 000 0 eng d
020 ## - INTERNATIONAL STANDARD BOOK NUMBER
International Standard Book Number 0201886367
040 ## - CATALOGING SOURCE
Transcribing agency ALUPE UNIVERSITY
050 ## - LIBRARY OF CONGRESS CALL NUMBER
Classification number QA76.8
Item number .M3M273 1996
092 ## - LOCALLY ASSIGNED DEWEY CALL NUMBER (OCLC)
Classification number D0504389866
245 04 - TITLE STATEMENT
Title The Macintosh bible /
Statement of responsibility, etc. edited by Jeremy Judson ... [et al.]
250 ## - EDITION STATEMENT
Edition statement 6th ed
260 ## - PUBLICATION, DISTRIBUTION, ETC.
Place of publication, distribution, etc. Berkeley :
Name of publisher, distributor, etc. Peachpit Press,
Date of publication, distribution, etc. c1996
300 ## - PHYSICAL DESCRIPTION
Extent xvi, 991 p. :
Other physical details ill. ;
Dimensions 24 cm
650 #0 - SUBJECT ADDED ENTRY--TOPICAL TERM
Topical term or geographic name entry element Macintosh (Computer)
700 1# - ADDED ENTRY--PERSONAL NAME
Personal name Judson, Jeremy.
942 ## - ADDED ENTRY ELEMENTS (KOHA)
Source of classification or shelving scheme
Koha item type Book
Suppress in OPAC JE
Holdings
Withdrawn status Lost status Source of classification or shelving scheme Damaged status Not for loan Permanent Location Current Location Shelving location Date acquired Total Checkouts Full call number Barcode Date last seen Price effective from Koha item type Public note
          AU LIBRARY AU LIBRARY Open Shelf 28.06.2021   QA76.8 .M3M273 1996 28001542 28.06.2021 28.06.2021 Book JE

Powered by Koha